000 00761nam a2200229 a 4500
001 000022010
005 20200930011537.0
008 100915s1999 sp 000 f spa d
020 _a840101297X
040 _aDO-SdBNP
_bspa
_cBNPHU
082 _a813.54
_bS813L
100 1 _aSteel, Danielle,
_d1947-
_910718
240 1 0 _aLong road home.
_lEspañol.
245 1 3 _aEl largo camino a casa /
_cDanielle Steel ; traducción de Matuca Fernández de Villavicencio.
260 _aBarcelona :
_bPlaza & Janés,
_c1999.
534 _aTítulo original:
_tLong road home
650 4 _aNovela estadounidense
_9262
650 4 _aLiteratura estadounidense
_ySIGLO XX
_96874
700 1 _aFernández de Villavicencio, Matuca,
_etr.
_912179
910 _aWM
049 _aBNGR
999 _c21508
_d21508